Situacion y principales dinamicas de transformacion de la educacion superior en america latina /
Guardado en:
| Autor Principal: | |
|---|---|
| Formato: | Libro |
| Publicado: |
Caracas :
Iesalc / Unesco,
1998
|
| Edición: | 3a. ed. |
| Series: | Coleccion Respuestas ; 2
|
| Materias: | |
| Etiquetas: |
Agregar Etiqueta
Sin Etiquetas, Sea el primero en etiquetar este registro!
|
| LEADER | 00810nam a22002295a 4500 | ||
|---|---|---|---|
| 001 | EHU.bham024809 | ||
| 003 | AR-BHAM | ||
| 005 | 20130508102233.0 | ||
| 008 | 130507s1998##################000#0#####d | ||
| 082 | 3 | 7 | |a 378.8 |
| 100 | 1 | |a Garcia Guadilla, Carmen | |
| 245 | 1 | 0 | |a Situacion y principales dinamicas de transformacion de la educacion superior en america latina / |c Carmen Garcia Guadilla |
| 250 | |a 3a. ed. | ||
| 260 | |a Caracas : |b Iesalc / Unesco, |c 1998 | ||
| 300 | |a 287 p. | ||
| 490 | 0 | |a Coleccion Respuestas ; 2 | |
| 500 | |a Catedra Unesco De Educacion Superior | ||
| 653 | |a Educacion superior | ||
| 653 | |a Educacion universitaria | ||
| 653 | |a Universidad | ||
| 859 | |a AR-BHAM |b BIB. HUMANIDADES - General |h 378.8 |i G165-1 |p 346.03 |t Ej.1 | ||
| 859 | |a AR-BHAM |b BIB. HUMANIDADES - General |h 378.8 |i G165-1 |p 525.02 |t Ej.1 | ||
